000 01080cab a2200241 4500
001 ABS59287
008 090401t1998 xxu||||| |||| 00| 0 eng d
035 _a(Sirsi) u88774
041 _aeng
245 _aWilkes v Coal Authority
260 _c1998
350 _a0
490 _aRating & Valuation Reporter
_v[1998] RVR 204-216(13)
520 _a"Wilkes v Coal Authority" CA 23 April 1998. The claimant sought a determination from LT under the Coal Mining (Subsidence) Act 1957 s13(1)(b) as to whether land had been damaged by subsidence caused by coal mining. Claimed for remedial works to be undertaken by the Coal Authority and whether subsidence affected fitness of land for intended purposes of residential development. LT allowing claim and the Coal Authority appealed. Appeal dismissed.
650 _aCOAL EXTRACTION
650 _aCOAL MINING (SUBSIDENCE) ACT 1957
650 _aCOMPENSATION
650 _aSUBSIDENCE
650 _aWILKES V COAL AUTHORITY
690 _aCOMPULSORY PURCHASE AND COMPENSATION-CASE LAW
942 _n0
948 _c01/10/1998
999 _c56126
_d56126